[Event "St Veit op-B 35th"]
[Site "St Veit"]
[Date "2016.07.13"]
[Round "6"]
[White "Urh, Zala"]
[Black "Widowitz, Josef"]
[Result "1-0"]
[WhiteElo "1977"]
[BlackElo "2011"]
[PlyCount "87"]
[EventDate "2016.07.09"]
[EventType "swiss"]
[EventRounds "9"]
[EventCountry "AUT"]
[SourceTitle "EXT 2017"]
[Source "ChessBase"]
[SourceDate "2016.10.25"]
[SourceVersion "1"]
[SourceVersionDate "2016.10.25"]
[SourceQuality "1"]

1. d4 Nf6 2. Nf3 d5 3. Bg5 e6 4. e3 h6 5. Bh4 Nbd7 6. Bd3 c5 7. c3 g6 8. Nbd2 Bd6 9. e4 dxe4 10. Nxe4 Be7 11. 0-0 cxd4 12. Bxf6 Nxf6 13. Nxd4 Bd7 14. Qf3 0-0 15. Rad1 Qc7 16. Nb5 Bxb5 17. Bxb5 Rad8 18. h3 Qe5 19. Nxf6+ Bxf6 20. a4 Qc7 21. Qe4 b6 22. h4 Qc5 23. g3 a5 24. Qc6 Qh5 25. f3 Qe5 26. Kg2 Qe3 27. Qe4 Rd2+ 28. Rxd2 Qxd2+ 29. Rf2 Qd6 30. Qe3 Kh7 31. Rd2 Qe5 32. Qxb6 Qe1 33. Re2 Qd1 34. Qxa5 Rd8 35. Qa7 Kg8 36. Qf2 g5 37. hxg5 hxg5 38. a5 Kg7 39. a6 g4 40. Bc6 Rh8 41. Re1 gxf3+ 42. Bxf3 Qd7 43. a7 e5 44. a8Q 1-0

[Event "St Veit op-B 27th"]
[Site "St Veit"]
[Date "2008.07.09"]
[Round "?"]
[White "Friedl, Gerhard"]
[Black "Widowitz, Josef"]
[Result "1/2-1/2"]
[WhiteElo "1991"]
[BlackElo "2029"]
[PlyCount "120"]
[EventDate "2008.07.05"]
[EventType "swiss"]
[EventRounds "9"]
[EventCountry "AUT"]
[SourceTitle "EXT 2024"]
[Source "ChessBase"]
[SourceDate "2023.10.10"]
[SourceVersion "1"]
[SourceVersionDate "2023.10.10"]
[SourceQuality "1"]

1. e4 c5 2. d4 cxd4 3. c3 dxc3 4. Nxc3 Nc6 5. Nf3 d6 6. Bc4 e6 7. 0-0 Be7 8. Qe2 a6 9. Be3 Nf6 10. Rfd1 Qc7 11. Rac1 0-0 12. Bd3 Bd7 13. Bb1 Rac8 14. Na4 Qa5 15. Nb6 Rcd8 16. e5 Nxe5 17. Nxe5 Qxe5 18. Nc4 Bb5 19. Qc2 Bxc4 20. Qxc4 d5 21. Qh4 Qh5 22. Qxh5 Nxh5 23. Rc7 Bd6 24. Rxb7 Be5 25. g4 Nf4 26. Bxf4 Bxf4 27. Bd3 Rb8 28. Rxb8 Rxb8 29. Rb1 a5 30. h3 e5 31. f3 h6 32. Kf2 Kf8 33. b3 Ke7 34. Rb2 Rc8 35. Rc2 Rxc2+ 36. Bxc2 Bc1 37. Bf5 g6 38. Bc8 Kd6 39. Bb7 Kc5 40. Ke2 Kd4 41. Bc6 f5 42. Be8 fxg4 43. hxg4 g5 44. Bf7 e4 45. fxe4 dxe4 46. Kd1 Ba3 47. Ke2 Bc5 48. Be6 Ke5 49. Bc8 Kf4 50. Bd7 Kg3 51. Be6 Kh4 52. Bf5 e3 53. a3 h5 54. gxh5 Kxh5 55. b4 axb4 56. axb4 Bb6 57. Kf3 Kh4 58. Bd3 Kh5 59. Bf5 Kh4 60. Bc8 Kh5 1/2-1/2

[Event "St Veit op-B 27th"]
[Site "St Veit"]
[Date "2008.07.08"]
[Round "?"]
[White "Widowitz, Josef"]
[Black "Lehner, Erich"]
[Result "1-0"]
[WhiteElo "2029"]
[BlackElo "1939"]
[PlyCount "83"]
[EventDate "2008.07.05"]
[EventType "swiss"]
[EventRounds "9"]
[EventCountry "AUT"]
[SourceTitle "EXT 2024"]
[Source "ChessBase"]
[SourceDate "2023.10.10"]
[SourceVersion "1"]
[SourceVersionDate "2023.10.10"]
[SourceQuality "1"]

1. e4 e6 2. d4 d5 3. Nc3 dxe4 4. Nxe4 Nf6 5. Bg5 Be7 6. Bxf6 Bxf6 7. Nxf6+ Qxf6 8. Nf3 0-0 9. Bd3 Rd8 10. Qd2 h6 11. 0-0-0 Nc6 12. Kb1 a5 13. c3 Bd7 14. Qe3 Rdb8 15. g4 Ne7 16. g5 hxg5 17. Nxg5 Nd5 18. Qg3 Qf4 19. Qg2 f5 20. Rhg1 Qg4 21. Qf1 Qh5 22. Re1 Nf4 23. Re3 Re8 24. Reg3 Re7 25. Bc2 Bc6 26. Qc1 Ne2 27. Bd1 Nxg3 28. Bxh5 Nxh5 29. Qe3 Rae8 30. Qe2 Nf6 31. f4 g6 32. Nf3 Bxf3 33. Qxf3 Kf7 34. Qxb7 c5 35. Qg2 Rg8 36. dxc5 Ne4 37. h4 Kf6 38. Re1 Rh8 39. Rxe4 fxe4 40. Qxe4 Rxh4 41. c6 Rhh7 42. Qe5+ 1-0

[Event "St Veit op-B 27th"]
[Site "St Veit"]
[Date "2008.07.06"]
[Round "?"]
[White "Widowitz, Josef"]
[Black "Knapp, Daniel"]
[Result "0-1"]
[WhiteElo "2029"]
[BlackElo "1945"]
[PlyCount "100"]
[EventDate "2008.07.05"]
[EventType "swiss"]
[EventRounds "9"]
[EventCountry "AUT"]
[SourceTitle "EXT 2024"]
[Source "ChessBase"]
[SourceDate "2023.10.10"]
[SourceVersion "1"]
[SourceVersionDate "2023.10.10"]
[SourceQuality "1"]

1. e4 c6 2. d4 d5 3. Nc3 dxe4 4. Nxe4 Bf5 5. Ng3 Bg6 6. Nf3 Nd7 7. Bc4 e6 8. 0-0 Ngf6 9. Re1 Be7 10. Qe2 Nd5 11. Bb3 N7f6 12. c4 Nb4 13. Rd1 0-0 14. a3 Na6 15. Ne5 Bf5 16. Nxf5 exf5 17. Bf4 Nd7 18. Rd3 Nxe5 19. Bxe5 Bf6 20. Rad1 Re8 21. f4 Qe7 22. Qh5 g6 23. Qh6 Bxe5 24. fxe5 f6 25. e6 Rad8 26. Rh3 Qg7 27. Qe3 Qe7 28. Kf1 Kh8 29. d5 Nc5 30. Bc2 b5 31. b4 Ne4 32. Bxe4 fxe4 33. Qxe4 bxc4 34. Qxc4 cxd5 35. Qh4 f5 36. Qh6 Qg7 37. Qxg7+ Kxg7 38. Rc1 Re7 39. Kf2 Rd6 40. Re3 Kf6 41. b5 Rdxe6 42. Rxe6+ Rxe6 43. Rc7 Re7 44. Rxe7 Kxe7 45. Ke3 Kd6 46. Kd4 f4 47. a4 g5 48. a5 g4 49. h3 f3 50. Ke3 fxg2 0-1

[Event "Jacques Lemans op 23rd"]
[Site "St Veit"]
[Date "2004.07.14"]
[Round "5"]
[White "Widowitz, Josef"]
[Black "Wallner, Dieter"]
[Result "0-1"]
[WhiteElo "2066"]
[BlackElo "2143"]
[PlyCount "36"]
[EventDate "2004.07.10"]
[EventType "swiss"]
[EventRounds "9"]
[EventCountry "AUT"]
[SourceTitle "CBM 101 Extra"]
[Source "ChessBase"]
[SourceDate "2004.09.01"]
[SourceVersion "2"]
[SourceVersionDate "2004.09.01"]
[SourceQuality "1"]

1. e4 e5 2. Nf3 Nc6 3. d4 exd4 4. Nxd4 Nf6 5. Nxc6 bxc6 6. Bd3 d5 7. e5 Qe7 8. 0-0 Qxe5 9. Re1 Ne4 10. f3 Bc5+ 11. Be3 Bd6 12. g3 Qxb2 13. Bxe4 dxe4 14. Bd4 Bc5 15. Rxe4+ Be6 16. Bxc5 Qxa1 17. Bd4 0-0-0 18. Qf1 Rxd4 0-1

[Event "Schwarzach op-B 18th"]
[Site "Salzburg"]
[Date "2003.08.28"]
[Round "6.2"]
[White "Kaczmarczyk, Dennis"]
[Black "Widowitz, Josef"]
[Result "1/2-1/2"]
[WhiteElo "1717"]
[BlackElo "1985"]
[PlyCount "147"]
[EventDate "2003.08.23"]
[EventType "swiss"]
[EventRounds "9"]
[EventCountry "AUT"]
[SourceTitle "EXT 2004"]
[Source "ChessBase"]
[SourceDate "2003.11.25"]
[SourceVersion "1"]
[SourceVersionDate "2003.11.25"]
[SourceQuality "1"]

1. c4 Nf6 2. g3 g6 3. Bg2 Bg7 4. Nc3 0-0 5. e3 e5 6. Nge2 c6 7. d4 d6 8. b4 Be6 9. d5 cxd5 10. cxd5 Bd7 11. 0-0 Qc8 12. a4 Na6 13. Ba3 Qc4 14. Rc1 Qg4 15. f3 Qg5 16. Qd3 Rac8 17. f4 exf4 18. exf4 Qh5 19. Nd4 Rfe8 20. Rfe1 Rxe1+ 21. Rxe1 Nc7 22. Ndb5 Nxb5 23. Nxb5 Ng4 24. h3 Nh6 25. Qe2 Qxe2 26. Rxe2 Bxb5 27. axb5 Kf8 28. b6 Bd4+ 29. Kh2 Bxb6 30. Bb2 Nf5 31. Be4 Ne3 32. Bd3 Nxd5 33. Be4 Nxb4 34. Ba3 Bc5 35. Bxb7 Re8 36. Rxe8+ Kxe8 37. Bxb4 Bxb4 38. Bd5 f6 39. Kg2 Kd7 40. Bg8 h6 41. h4 Kc6 42. g4 d5 43. Kf3 Bd2 44. Bf7 g5 45. hxg5 hxg5 46. fxg5 Bxg5 47. Ke2 Kc5 48. Kd3 a5 49. Be8 Bf4 50. Bd7 Be5 51. Be8 Kb4 52. Bf7 d4 53. Kc2 a4 54. Bg8 Kc5 55. Kd3 Bf4 56. Bf7 a3 57. Ba2 Be3 58. Bb3 Kd6 59. Ke4 Ke7 60. Ba2 Kf8 61. Bb3 Kg7 62. Ba2 Kg6 63. Be6 Kg5 64. Kf3 Bc1 65. Ke4 Bb2 66. Kf3 Bc3 67. Ke4 Kh4 68. Kd3 Kg3 69. Kc2 a2 70. Bxa2 Kxg4 71. Kd3 f5 72. Ke2 Kf4 73. Bd5 Ke5 74. Bb7 1/2-1/2

[Event "Jacques Lemans op 18th"]
[Site "St Veit"]
[Date "1999.??.??"]
[Round "2.11"]
[White "Kiss, Attila"]
[Black "Widowitz, Josef"]
[Result "1-0"]
[WhiteElo "2321"]
[BlackElo "2006"]
[PlyCount "63"]
[EventDate "1999.07.??"]
[EventType "swiss"]
[EventRounds "9"]
[EventCountry "AUT"]
[SourceTitle "EXT 2004"]
[Source "ChessBase"]
[SourceDate "2003.11.25"]
[SourceVersion "1"]
[SourceVersionDate "2003.11.25"]
[SourceQuality "1"]

1. e4 c5 2. Nf3 Nc6 3. Bb5 a6 4. Bxc6 dxc6 5. h3 Nf6 6. d3 e6 7. 0-0 Be7 8. a4 0-0 9. a5 Qc7 10. Nbd2 Bd7 11. Nc4 Rad8 12. Nfe5 Bd6 13. Bf4 Ne8 14. Nxd6 Qxd6 15. Ng6 e5 16. Nxf8 Kxf8 17. Bg5 f6 18. Be3 Kg8 19. Qh5 Be6 20. f4 Bf7 21. Qf3 Nc7 22. f5 Nb5 23. c3 Qe7 24. Rfd1 Bb3 25. Rd2 Bf7 26. Kh2 h6 27. g4 Kh7 28. h4 Rh8 29. Qg3 Nc7 30. Qf2 c4 31. dxc4 Rd8 32. Rad1 1-0

[Event "Jacques Lemans op 16th"]
[Site "St Veit"]
[Date "1996.??.??"]
[Round "4"]
[White "Kaspret, Guido"]
[Black "Widowitz, Josef"]
[Result "1/2-1/2"]
[WhiteElo "2320"]
[BlackElo "1951"]
[PlyCount "125"]
[EventDate "1996.07.??"]
[EventType "swiss"]
[EventRounds "9"]
[EventCountry "AUT"]
[SourceTitle "EXT 1999"]
[Source "ChessBase"]
[SourceDate "1998.11.16"]
[SourceVersion "1"]
[SourceVersionDate "1998.11.16"]
[SourceQuality "1"]

1. d4 Nf6 2. Nf3 g6 3. g3 Bg7 4. Bg2 0-0 5. 0-0 d6 6. c4 Nbd7 7. Nc3 e5 8. e4 exd4 9. Nxd4 Ne5 10. b3 Nh5 11. Bb2 Bd7 12. Rb1 Nc6 13. Nce2 Qe7 14. Nxc6 Bxc6 15. Nd4 Bd7 16. Re1 Rae8 17. Qd2 Qd8 18. Ba3 Qc8 19. c5 b6 20. cxd6 Qa6 21. Nc2 c5 22. Bb2 Qxa2 23. Bxg7 Nxg7 24. Qc3 Qa6 25. Ra1 Qb7 26. e5 Qb8 27. Ne3 Be6 28. Bd5 Rd8 29. b4 cxb4 30. Qxb4 Bxd5 31. Nxd5 Qb7 32. Nf6+ Kh8 33. Qh4 h5 34. g4 Ne6 35. gxh5 Kg7 36. Qe4 Qxe4 37. Rxe4 a5 38. Rb1 Ra8 39. Nd7 Rh8 40. Nxb6 Rhb8 41. Ree1 Ra6 42. Nd5 Rxb1 43. Rxb1 a4 44. Rc1 Ra5 45. Nc7 Rxe5 46. hxg6 fxg6 47. f4 Re4 48. Kg2 Kf7 49. Rd1 Rd4 50. Rxd4 Nxd4 51. Nd5 Ke6 52. d7 Nc6 53. Nc3 a3 54. Kf3 Kxd7 55. Kg4 Ke6 56. Kg5 Kf7 57. f5 gxf5 58. Kxf5 Nd4+ 59. Ke4 Ne2 60. Na2 Ng1 61. Kd3 Nf3 62. Kc3 Nxh2 63. Kb3 1/2-1/2

[Event "Jacques Lemans op 16th"]
[Site "St Veit"]
[Date "1996.??.??"]
[Round "7"]
[White "Widowitz, Josef"]
[Black "Moser, Eva"]
[Result "1-0"]
[WhiteElo "1951"]
[BlackElo "2235"]
[PlyCount "147"]
[EventDate "1996.07.??"]
[EventType "swiss"]
[EventRounds "9"]
[EventCountry "AUT"]
[SourceTitle "EXT 1999"]
[Source "ChessBase"]
[SourceDate "1998.11.16"]
[SourceVersion "1"]
[SourceVersionDate "1998.11.16"]
[SourceQuality "1"]

1. e4 e6 2. d4 d5 3. exd5 exd5 4. Nf3 Bd6 5. Bd3 Nc6 6. 0-0 Bg4 7. Be3 Qd7 8. Nbd2 Nge7 9. c3 f6 10. b4 0-0 11. Qc2 Bf5 12. b5 Nd8 13. c4 c6 14. a4 Bxd3 15. Qxd3 Qf5 16. Qxf5 Nxf5 17. Rfe1 Ne6 18. cxd5 cxd5 19. Nb3 Rac8 20. Rac1 Kf7 21. Bd2 Ba3 22. Ra1 Bd6 23. Rac1 Ba3 24. Ra1 Be7 25. Rac1 b6 26. Kf1 Rc4 27. Rxc4 dxc4 28. d5 Nc7 29. Nbd4 Nxd4 30. Nxd4 Nxd5 31. Rc1 Rc8 32. Nc6 Ba3 33. Rxc4 Ne7 34. Bf4 Nxc6 35. bxc6 Bc5 36. c7 Ke6 37. g4 Kd5 38. Rc1 Be7 39. Re1 Bc5 40. Rd1+ Kc6 41. Rd8 Kb7 42. h4 a6 43. Ke2 Be7 44. Rd7 Re8 45. Kd3 g5 46. Bd6 Bxd6 47. Rd8 Kxc7 48. Rxe8 gxh4 49. Rh8 Bc5 50. Rxh7+ Kd6 51. f4 Bf2 52. Ke4 Be1 53. Kf5 Bc3 54. Rxh4 Kd5 55. Rh6 b5 56. axb5 axb5 57. Rxf6 Bxf6 58. Kxf6 b4 59. g5 b3 60. g6 b2 61. g7 b1Q 62. g8Q+ Kd4 63. Qe6 Qh7 64. Qe5+ Kc4 65. Qe2+ Kd4 66. Qd2+ Kc5 67. Qc3+ Kd5 68. Qf3+ Kd6 69. Qd1+ Kc6 70. Qg4 Qh8+ 71. Kf7 Qh7+ 72. Qg7 Qh3 73. Qf6+ Kd5 74. Qe5+ 1-0